[Event "Helmond Rapid op"]
[Site "Helmond"]
[Date "2023.06.10"]
[Round "7"]
[White "Geboers, Jimmy"]
[Black "Robinson, Roland1111"]
[Result "1-0"]
[WhiteElo "1872"]
[BlackElo "1702"]
[PlyCount "53"]
[EventDate "2023.06.10"]
[EventType "swiss (rapid)"]
[EventRounds "9"]
[EventCountry "NED"]
[SourceTitle "CBM 214 Extra"]
[Source "ChessBase"]
[SourceDate "2023.07.31"]
[SourceVersion "1"]
[SourceVersionDate "2023.07.31"]
[SourceQuality "1"]

1. d4 b5 2. e4 Bb7 3. f3 a6 4. a4 b4 5. a5 e6 6. c3 Nf6 7. Bd3 c5 8. Be3 d6 9. cxb4 cxb4 10. Qa4+ Bc6 11. Qb3 Nbd7 12. Nd2 Be7 13. Ne2 0-0 14. 0-0 d5 15. e5 Ne8 16. Qc2 Bb5 17. Bxh7+ Kh8 18. Bd3 Rc8 19. Qb1 Nc7 20. f4 Bxd3 21. Qxd3 g6 22. g4 Nb5 23. f5 gxf5 24. gxf5 Bg5 25. f6 Rg8 26. Kh1 Bxe3 27. Qxe3 1-0

[Event "Eindhoven WLC op 12th"]
[Site "Eindhoven"]
[Date "2022.05.15"]
[Round "6"]
[White "Geboers, Jimmy"]
[Black "Blijlevens, Pim"]
[Result "1-0"]
[WhiteElo "1845"]
[BlackElo "1958"]
[PlyCount "79"]
[EventDate "2022.05.13"]
[EventType "swiss"]
[EventRounds "6"]
[EventCountry "NED"]
[SourceTitle "CBM 208 Extra"]
[Source "ChessBase"]
[SourceDate "2022.07.31"]
[SourceVersion "1"]
[SourceVersionDate "2022.07.31"]
[SourceQuality "1"]

1. d4 e6 2. c4 f5 3. g3 Nf6 4. Bg2 Be7 5. Nc3 0-0 6. Nf3 d6 7. 0-0 Ne4 8. Qc2 Nxc3 9. Qxc3 Bf6 10. b3 Nc6 11. Bb2 e5 12. dxe5 dxe5 13. Rad1 Qe7 14. e4 fxe4 15. Nd2 Bg4 16. Rde1 Nd4 17. Kh1 Be2 18. Rg1 Bg5 19. Nxe4 Bf3 20. Nxg5 Qxg5 21. Qe3 Qf6 22. Qxe5 Bxg2+ 23. Rxg2 Qxe5 24. Rxe5 Nf3 25. Re7 Rf7 26. Rxf7 Kxf7 27. g4 Rd8 28. Rg3 Nh4 29. Bc3 Rd7 30. h3 Rd1+ 31. Kh2 Rc1 32. Rd3 Ng6 33. Kg3 Nf8 34. Bb4 Ne6 35. Rd7+ Kf6 36. f4 c5 37. g5+ Kf5 38. Rd5+ Ke4 39. Re5+ Kd4 40. Bd2 1-0

[Event "Leiden op-B 12th"]
[Site "Leiden"]
[Date "2018.07.20"]
[Round "7"]
[White "Geboers, Jimmy"]
[Black "Koes, Richard"]
[Result "0-1"]
[WhiteElo "1863"]
[BlackElo "1762"]
[PlyCount "95"]
[EventDate "2018.07.13"]
[EventType "swiss"]
[EventRounds "9"]
[EventCountry "NED"]
[SourceTitle "EXT 2019"]
[Source "ChessBase"]
[SourceDate "2018.10.10"]
[SourceVersion "1"]
[SourceVersionDate "2018.10.10"]
[SourceQuality "1"]

1. d4 Nf6 2. c4 c5 3. d5 b5 4. cxb5 a6 5. bxa6 Bxa6 6. Nc3 d6 7. e4 Bxf1 8. Kxf1 Nbd7 9. Nf3 g6 10. h3 Bg7 11. Kg1 0-0 12. Kh2 Qa5 13. Re1 Rfb8 14. Qc2 Rb4 15. Bd2 Qc7 16. a4 Qb8 17. Nb5 Rxb2 18. Qxb2 Ng4+ 19. hxg4 Bxb2 20. Rab1 Bg7 21. a5 Qc8 22. g5 Ne5 23. Nxe5 Bxe5+ 24. f4 Bg7 25. Re2 Qa6 26. Re3 Qc8 27. Reb3 h6 28. a6 Qxa6 29. Nc7 Qe2 30. Nxa8 Qxd2 31. Rf3 h5 32. Rff1 Qd3 33. Nb6 Bd4 34. Nc8 Qxe4 35. Rbe1 Be3 36. Kh1 Qd4 37. Rf3 Bxf4 38. Nxe7+ Kh8 39. Ref1 Bxg5 40. Nc6 Qh4+ 41. Kg1 f5 42. Rb3 Qe4 43. Rff3 Qxd5 44. Rb8+ Kh7 45. Rc8 Qe4 46. Rc7+ Kh6 47. Kf2 d5 48. Rb3 0-1

[Event "Leiden LCT op-B 11th"]
[Site "Leiden"]
[Date "2017.07.21"]
[Round "7"]
[White "Boeters, Stefan"]
[Black "Geboers, Jimmy"]
[Result "0-1"]
[WhiteElo "1798"]
[BlackElo "1852"]
[PlyCount "104"]
[EventDate "2017.07.14"]
[EventType "swiss"]
[EventRounds "9"]
[EventCountry "NED"]
[SourceTitle "EXT 2018"]
[Source "ChessBase"]
[SourceDate "2017.10.13"]
[SourceVersion "1"]
[SourceVersionDate "2017.10.13"]
[SourceQuality "1"]

1. c4 c5 2. g3 Nc6 3. Bg2 g6 4. Nc3 Bg7 5. e3 d6 6. Nge2 e5 7. 0-0 f5 8. f4 Nge7 9. a3 Be6 10. d3 0-0 11. Rb1 a5 12. b3 d5 13. fxe5 Bxe5 14. d4 cxd4 15. exd4 Bg7 16. c5 b6 17. b4 axb4 18. axb4 bxc5 19. bxc5 f4 20. Rxf4 Rxf4 21. Bxf4 Nf5 22. Nb5 Qf6 23. Nc7 Rd8 24. Bg5 Qxg5 25. Nxe6 Qe3+ 26. Kh1 Qxe6 27. Nf4 Qf7 28. Qb3 Nce7 29. Qb6 Rc8 30. Qb7 Qe8 31. Nxd5 Nxd5 32. Bxd5+ Kh8 33. c6 Bxd4 34. c7 Kg7 35. Bc6 Qe6 36. Bd5 Qd7 37. Rc1 Nd6 38. Qb4 Bf6 39. Rc6 Ne8 40. Bf3 Rxc7 41. Rb6 Rc1+ 42. Kg2 Rc2+ 43. Kh1 Qd2 44. Qxd2 Rxd2 45. h4 Bd4 46. Rb7+ Kf8 47. h5 Nf6 48. hxg6 hxg6 49. g4 Rb2 50. Rc7 Rf2 51. Rc4 Rxf3 52. Rxd4 Rg3 0-1

[Event "Leiden LCT op-B 11th"]
[Site "Leiden"]
[Date "2017.07.20"]
[Round "6"]
[White "Geboers, Jimmy"]
[Black "Hilarius, Sander"]
[Result "1-0"]
[WhiteElo "1852"]
[BlackElo "1941"]
[PlyCount "105"]
[EventDate "2017.07.14"]
[EventType "swiss"]
[EventRounds "9"]
[EventCountry "NED"]
[SourceTitle "EXT 2018"]
[Source "ChessBase"]
[SourceDate "2017.10.13"]
[SourceVersion "1"]
[SourceVersionDate "2017.10.13"]
[SourceQuality "1"]

1. d4 Nf6 2. c4 c5 3. d5 e6 4. Nc3 exd5 5. cxd5 Bd6 6. e4 0-0 7. Bd3 Re8 8. Nge2 Bc7 9. f3 d6 10. Be3 a6 11. a4 Nbd7 12. 0-0 Ne5 13. b3 Rb8 14. h3 Bd7 15. Bb1 b5 16. axb5 axb5 17. f4 Ng6 18. e5 b4 19. Ne4 Nxe4 20. Bxe4 Bb5 21. e6 fxe6 22. dxe6 Bxe2 23. Qxe2 d5 24. Bxg6 hxg6 25. Bxc5 Bb6 26. Bf2 Qd6 27. Rae1 Re7 28. Qe5 Qxe5 29. Rxe5 Bc7 30. Bc5 Bxe5 31. Bxe7 Bc3 32. f5 Re8 33. Bc5 gxf5 34. e7 g6 35. g4 d4 36. gxf5 d3 37. fxg6 d2 38. Kf2 Bf6 39. Ke2 Bxe7 40. Bxe7 Rxe7+ 41. Kxd2 Re4 42. Kd3 Rh4 43. Rf3 Kg7 44. Rg3 Rf4 45. Rg4 Rf3+ 46. Kc4 Rxh3 47. Kxb4 Rh5 48. Kc4 Rh1 49. b4 Rc1+ 50. Kd5 Rb1 51. Kc5 Rc1+ 52. Kb6 Rb1 53. b5 1-0

[Event "Groningen Combinatie op"]
[Site "Groningen"]
[Date "2017.05.26"]
[Round "3"]
[White "Binnendijk, Ferdinand"]
[Black "Geboers, Jimmy"]
[Result "1/2-1/2"]
[WhiteElo "2045"]
[BlackElo "1875"]
[PlyCount "107"]
[EventDate "2017.05.25"]
[EventType "swiss"]
[EventRounds "7"]
[EventCountry "NED"]
[SourceTitle "CBM 178 Extra"]
[Source "ChessBase"]
[SourceDate "2017.06.22"]
[SourceVersion "1"]
[SourceVersionDate "2017.06.22"]
[SourceQuality "1"]

1. d4 Nf6 2. c4 g6 3. Nc3 d5 4. Nf3 Bg7 5. Qb3 c6 6. cxd5 cxd5 7. Bf4 a6 8. e3 0-0 9. Be2 Nc6 10. h3 b5 11. 0-0 e6 12. a4 b4 13. Nb1 a5 14. Nbd2 Ba6 15. Bxa6 Rxa6 16. Rac1 Qd7 17. Rc2 Rc8 18. Rfc1 Raa8 19. Ne5 Nxe5 20. Bxe5 Ne8 21. Bg3 Bf8 22. Nf3 f6 23. Ne1 Bd6 24. Bxd6 Nxd6 25. Nd3 Rxc2 26. Rxc2 Rc8 27. Nc5 Qc6 28. Qd3 Kf7 29. f3 e5 30. Qd2 Nc4 31. Qc1 exd4 32. exd4 Nb6 33. Qh6 Kg8 34. Re2 Re8 35. Rxe8+ Qxe8 36. b3 Nd7 37. Qf4 Nxc5 38. dxc5 Qc6 39. Qe3 Kf7 40. Kf2 Qe6 41. Qh6 Kg8 42. Qf4 d4 43. Qxd4 Qxb3 44. Qd8+ Kg7 45. Qd7+ Kh6 46. Qd2+ Kg7 47. c6 Qc4 48. Qd7+ Kh6 49. c7 Qc5+ 50. Ke2 Qe5+ 51. Kf1 Qa1+ 52. Kf2 Qb2+ 53. Kg3 Qe5+ 54. Kf2 1/2-1/2

[Event "Leiden op-A 10th"]
[Site "Leiden"]
[Date "2016.07.23"]
[Round "8"]
[White "Volders, Wessel"]
[Black "Geboers, Jimmy"]
[Result "0-1"]
[WhiteElo "1845"]
[BlackElo "1909"]
[PlyCount "86"]
[EventDate "2016.07.15"]
[EventType "swiss"]
[EventRounds "9"]
[EventCountry "NED"]
[SourceTitle "CBM 173 Extra"]
[Source "ChessBase"]
[SourceDate "2016.08.29"]
[SourceVersion "1"]
[SourceVersionDate "2016.08.29"]
[SourceQuality "1"]

1. e4 e6 2. d4 d5 3. e5 c5 4. c3 Nc6 5. Nf3 Qb6 6. a3 a5 7. Be2 Nh6 8. b3 cxd4 9. cxd4 Nf5 10. Bb2 Be7 11. 0-0 Bd7 12. g4 Nh4 13. Nxh4 Bxh4 14. Qd3 0-0 15. Nd2 Be7 16. f4 f6 17. Kh1 Na7 18. a4 Nc6 19. Qb5 Qa7 20. Qd3 Nb4 21. Qh3 g6 22. Nf3 Rac8 23. Rac1 Qb6 24. Qh6 Na2 25. Rxc8 Bxc8 26. Bd3 Rf7 27. Bb1 Qxb3 28. Bxg6 hxg6 29. Qxg6+ Kf8 30. Qh6+ Ke8 31. Qh8+ Rf8 32. Qh5+ Kd8 33. Ba1 Qe3 34. Qh6 Qd3 35. Kg2 Bd7 36. g5 fxg5 37. Nxg5 Qf5 38. Qh5 Bxg5 39. Qxg5+ Qxg5+ 40. fxg5 Rxf1 41. Kxf1 Bxa4 42. g6 Ke7 43. h4 Bd1 0-1

[Event "Leiden op-A 10th"]
[Site "Leiden"]
[Date "2016.07.18"]
[Round "4"]
[White "Bakker, Jan"]
[Black "Geboers, Jimmy"]
[Result "0-1"]
[WhiteElo "2237"]
[BlackElo "1909"]
[PlyCount "68"]
[EventDate "2016.07.15"]
[EventType "swiss"]
[EventRounds "9"]
[EventCountry "NED"]
[SourceTitle "CBM 173 Extra"]
[Source "ChessBase"]
[SourceDate "2016.08.29"]
[SourceVersion "1"]
[SourceVersionDate "2016.08.29"]
[SourceQuality "1"]

1. e4 e6 2. d4 d5 3. Be3 Nf6 4. e5 Nfd7 5. f4 c5 6. c3 Nc6 7. Nf3 Qb6 8. Qd2 f6 9. Bd3 Be7 10. 0-0 0-0 11. Qc2 cxd4 12. Bxh7+ Kh8 13. Bxd4 Nxd4 14. cxd4 fxe5 15. fxe5 Nxe5 16. Nbd2 Nxf3+ 17. Nxf3 e5 18. Kh1 e4 19. Bxe4 dxe4 20. Qxe4 Qe6 21. Qxe6 Bxe6 22. Rae1 Bc4 23. Rg1 Bb4 24. Rc1 Bd5 25. a3 Rxf3 26. axb4 Rf2 27. Rc5 Rd8 28. Re1 Rdf8 29. Rg1 R8f5 30. h4 R5f4 31. Kh2 Rxd4 32. Kg3 Rxb2 33. Re1 Rxg2+ 34. Kh3 Rd3+ 0-1

[Event "Maastricht Limburg op-B 9th"]
[Site "Maastricht"]
[Date "2015.05.23"]
[Round "3"]
[White "Perdomo Araujo, Angel Eduardo"]
[Black "Geboers, Jimmy"]
[Result "1/2-1/2"]
[WhiteElo "1979"]
[BlackElo "1889"]
[PlyCount "39"]
[EventDate "2015.05.22"]
[EventType "swiss"]
[EventRounds "7"]
[EventCountry "NED"]
[SourceTitle "EXT 2016"]
[Source "ChessBase"]
[SourceDate "2015.10.08"]
[SourceVersion "1"]
[SourceVersionDate "2015.10.08"]
[SourceQuality "1"]

1. e4 e6 2. d4 d5 3. Nd2 Nf6 4. e5 Nfd7 5. Bd3 c5 6. c3 Nc6 7. Ne2 Qb6 8. Nf3 cxd4 9. cxd4 f6 10. exf6 Nxf6 11. 0-0 Bd6 12. Re1 0-0 13. Ng3 Bd7 14. a3 a5 15. Bc2 Rfe8 16. Qd3 e5 17. dxe5 Nxe5 18. Nxe5 Bxe5 19. Be3 Qxb2 20. Nh5 1/2-1/2

[Event "Maastricht Limburg op-B 8th"]
[Site "Maastricht"]
[Date "2014.06.08"]
[Round "4"]
[White "Vandenbroucke, Tim"]
[Black "Geboers, Jimmy"]
[Result "1-0"]
[WhiteElo "1878"]
[BlackElo "1907"]
[PlyCount "81"]
[EventDate "2014.06.06"]
[EventType "swiss"]
[EventRounds "7"]
[EventCountry "NED"]
[SourceTitle "EXT 2015"]
[Source "ChessBase"]
[SourceDate "2014.11.20"]
[SourceVersion "1"]
[SourceVersionDate "2014.11.20"]
[SourceQuality "1"]

1. e4 e6 2. d4 d5 3. Nc3 Nf6 4. e5 Nfd7 5. Nf3 c5 6. dxc5 Nc6 7. Bf4 Nxc5 8. Bd3 Be7 9. 0-0 0-0 10. Re1 b6 11. a4 Ba6 12. Bb5 Qc8 13. Bg5 Bxg5 14. Nxg5 Bxb5 15. Nxb5 h6 16. Nf3 Nb7 17. Ra3 a6 18. Nbd4 Nba5 19. Rc3 Qd7 20. Nxc6 Nxc6 21. Nd4 Rfc8 22. Ree3 Rc7 23. Rxc6 Rxc6 24. Nxc6 Qxc6 25. c3 b5 26. Rg3 bxa4 27. Qg4 g6 28. Qf4 Qc4 29. Qxh6 Qe4 30. h4 Qxe5 31. h5 Qg7 32. Qf4 a3 33. bxa3 Rc8 34. hxg6 fxg6 35. Qg4 Rxc3 36. Qxe6+ Kf8 37. Rxg6 Rc1+ 38. Kh2 Qc7+ 39. g3 Qh7+ 40. Rh6 Qb1 41. Rf6+ 1-0

[Event "BEL-ch op"]
[Site "Antwerp"]
[Date "2013.07.08"]
[Round "3"]
[White "Geboers, Jimmy"]
[Black "Bomans, Arno"]
[Result "1/2-1/2"]
[WhiteElo "1907"]
[BlackElo "2204"]
[PlyCount "56"]
[EventDate "2013.07.06"]
[EventType "swiss"]
[EventRounds "9"]
[EventCountry "BEL"]
[SourceTitle "CBM 155 Extra"]
[Source "ChessBase"]
[SourceDate "2013.08.26"]
[SourceVersion "1"]
[SourceVersionDate "2013.08.26"]
[SourceQuality "1"]

1. d4 d5 2. c4 c6 3. cxd5 cxd5 4. Nc3 Nf6 5. Nf3 Nc6 6. Bf4 a6 7. e3 Bg4 8. Be2 e6 9. 0-0 Bd6 10. Bxd6 Qxd6 11. h3 Bxf3 12. Bxf3 0-0 13. Na4 Nd7 14. Rc1 Rfc8 15. Nc5 Nxc5 16. Rxc5 Ne7 17. Qb3 b6 18. Rc3 Rxc3 19. bxc3 b5 20. a4 Rb8 21. Rb1 Nc6 22. axb5 Rxb5 23. Qa2 Rxb1+ 24. Qxb1 Na5 25. Be2 g6 26. Qb4 Qxb4 27. cxb4 Nc6 28. Bxa6 Nxb4 1/2-1/2

[Event "Geraardsbergen op 27th"]
[Site "Geraardsbergen"]
[Date "2011.08.12"]
[Round "4"]
[White "Sarrau, Jelle"]
[Black "Geboers, Jimmy"]
[Result "1-0"]
[WhiteElo "2239"]
[BlackElo "1968"]
[PlyCount "41"]
[EventDate "2011.08.11"]
[EventType "swiss"]
[EventRounds "9"]
[EventCountry "BEL"]
[SourceTitle "CBM 144 Extra"]
[Source "ChessBase"]
[SourceDate "2011.10.28"]
[SourceVersion "1"]
[SourceVersionDate "2011.10.28"]
[SourceQuality "1"]

1. e4 e6 2. d4 d5 3. Nd2 Nf6 4. Bd3 c5 5. c3 Nc6 6. Ngf3 cxd4 7. cxd4 Be7 8. 0-0 0-0 9. e5 Nd7 10. Re1 f6 11. exf6 Nxf6 12. Nb3 Qc7 13. Bd2 Ng4 14. h3 Nxf2 15. Kxf2 e5 16. dxe5 Nxe5 17. Rxe5 Qxe5 18. Qe2 Qh2 19. Qxe7 Bxh3 20. Bf1 Rf7 21. Qxf7+ 1-0